Church history : for church leaders, vol. 1 / (Record no. 11891)

MARC details
000 -LEADER
fixed length control field 01121nam a2200241 a 4500
003 - CONTROL NUMBER IDENTIFIER
control field PILC
005 - DATE AND TIME OF LATEST TRANSACTION
control field 20241008142052.0
008 - FIXED-LENGTH DATA ELEMENTS--GENERAL INFORMATION
fixed length control field 050526s1996 xx 00 eng d
010 ## - LIBRARY OF CONGRESS CONTROL NUMBER
LC control number Acc#28621-3,31181,28650
020 ## - INTERNATIONAL STANDARD BOOK NUMBER
International Standard Book Number 971717041X
040 ## - CATALOGING SOURCE
Transcribing agency Philippine Baptist Theological Seminary
050 ## - LIBRARY OF CONGRESS CALL NUMBER
Classification number BR 146
Item number H551 1996
100 10 - MAIN ENTRY--PERSONAL NAME
Personal name Hill, D. Leslie
Fuller form of name David Leslie Hill
245 10 - TITLE STATEMENT
Title Church history : for church leaders, vol. 1 /
Statement of responsibility, etc. D. Leslie Hill
250 ## - EDITION STATEMENT
Edition statement 3rd ed
260 0# - PUBLICATION, DISTRIBUTION, ETC (IMPRINT)
Place of publication, distribution, etc. Manila, Phils :
Name of publisher, distributor, etc. Church Strengthening Ministry,
Date of publication, distribution, etc. c1996.
300 ## - PHYSICAL DESCRIPTION
Extent 2 v. ;
Dimensions 23 cm
500 ## - GENERAL NOTE
General note Includes bibliographical references
505 ## - FORMATTED CONTENTS NOTE
Formatted contents note 1. The beginning of historical Christianity -- 2. Christian belief and practice challenged -- 3. Changes in Christianity by the time of the council of Nicea -- 4. Period of papal development -- 5 Roman church growth -- 6. Opposition to Roman authority -- The rise of papal power -- 8. Fundamental changes in belief and practice -- 9. Pressures for and attempts toward reform
650 ## - SUBJECT ADDED ENTRY--TOPICAL TERM
Topical term or geographic name as entry element CHRISTIANITY
General subdivision HISTORY
-- 4 B.C. - 1500 A.D.
650 ## - SUBJECT ADDED ENTRY--TOPICAL TERM
Topical term or geographic name as entry element CHURCH HISTORY
942 ## - ADDED ENTRY ELEMENTS (KOHA)
Koha item type Circulation Books
Source of classification or shelving scheme Dewey Decimal Classification
Holdings
Withdrawn status Lost status Source of classification or shelving scheme Damaged status Not for loan Home library Current library Shelving location Date acquired Source of acquisition Total Checkouts Full call number Barcode Date last seen Date last checked out Price effective from Koha item type
    Dewey Decimal Classification     PBTS Library PBTS Library Circulation Section 05/26/2005 Gift 2 1 BR 146 H551 1996 1 28621 02/19/2026 06/26/2018 04/02/2015 Circulation Books
    Dewey Decimal Classification     PBTS Library PBTS Library Circulation Section 05/26/2005 Gift   1 BR 146 H551 1996 2 28622 02/19/2026   04/02/2015 Circulation Books
    Dewey Decimal Classification     PBTS Library PBTS Library Circulation Section 05/31/2006 Gift 3 1 BR 146 H551 1996 3 28623 02/19/2026 08/18/2018 04/02/2015 Circulation Books
    Dewey Decimal Classification     PBTS Library PBTS Library Circulation Section 04/02/2015 Gift 4 1 BR 146 H551 1996 4 31181 02/19/2026 07/24/2018 04/02/2015 Circulation Books

Philippine Baptist Theological Seminary | 19 Tacay Road, Central Guisad, Baguio City 2600, Philippines